| 000 | 00544nam a22002057a 4500 | ||
|---|---|---|---|
| 003 | OSt | ||
| 005 | 20140310182006.0 | ||
| 008 | 130729t xxu||||| |||| 00| 0 eng d | ||
| 020 | _a0671777130 | ||
| 050 |
_aPZ 7 _b.C873 1993 |
||
| 082 |
_aKF _bC83sb 1993 |
||
| 100 |
_aCoville, Bruce _94824 |
||
| 245 |
_aSpace brat 2 : _bblock's evil twin / _cBruce Coville |
||
| 260 |
_aNew York : _bPocket Books, _cc1993. |
||
| 300 |
_a68 p. _bill. ; _c19 cm. |
||
| 541 | _j1 | ||
| 562 | _e1 | ||
| 650 |
_aFantasy _93293 |
||
| 942 |
_2lcc _cBK-KF _kKF |
||
| 999 |
_c8061 _d8061 |
||